Statistiques concernant Culture Générale - Série 129

Cliquez ici pour prendre le quiz!

Statistiques générales

  • Ce quiz a été pris 354 fois
  • Le résultat moyen est 6 sur 10

Statistiques - réponses

QuestionRéponse% Correct
De quel pays Reykjavik est-elle la capitale ?Islande
96%
Quelle note de musique est également appelée ut ?Do
90%
En Grèce, à base de quel légume vert se prépare le tzatziki ?Concombre
80%
Quel nombre s'écrit DIX en chiffres romains ?509
69%
Quel insecte attise le coche dans une fable de Jean de La Fontaine ?Mouche
69%
Sur quel pays règne Charles XVI Gustave depuis 1973 ?Suède
54%
De quelle comédie musicale fait partie "Je fais de toi mon essentiel" ?Le Roi Soleil
52%
A quel groupe doit-on le fameux "Money for Nothing", en 1985 ?Dire Straits
40%
En 1983, quelle chanteuse connaît le succès avec sa "Mise au point" ?Jakie Quartz
30%
Quel mot français est recommandé pour désigner les spams ?Pourriel
30%

Distribution des résultats

Percentile par nombre de réponses

% des personnes avec chaque résultat

Votre développement - résultats

Vous n’avez pas pris ce quiz